| 000 | 00919nam a22001577a 4500 | ||
|---|---|---|---|
| 008 | 180427b xxu||||| |||| 00| 0 eng d | ||
| 020 | _a9786070302992 | ||
| 082 |
_a370.981 _bF866e |
||
| 100 |
_aFreire, Paulo _96237 |
||
| 245 | _aLa educación como práctica de la libertad | ||
| 260 |
_aMéxico _bSiglo Veintiuno Editores _c2011 |
||
| 300 |
_a150 p. _c21 cm. |
||
| 505 |
_tEducación y concienciación _rJulio Barreiro _tCanção para os fonemas de alegria _rThiago de Mello _tAgradecimiento _tAclaración _t1. La sociedad brasileña en transición _t2. Sociedad cerrada e inexperiencia democrática _t3. Educación versus masificación _t4. Educación y conciencia _t5. Ejecución práctica _tApéndice _tNota final |
||
| 650 |
_2Educación _xSociología de la educación _xEducación - aspectos sociales _xEducación y libertad _zEducación - Brasil _zBrasil - condiciones sociales _96242 |
||
| 700 |
_aRonzoni, Lilién (Traductor) _96243 |
||
| 999 |
_c1427 _d1427 |
||